Border States of the U.S Civil War - Statistics

General Stats
  • This quiz has been taken 54 times
  • The average score is 4 of 5
Answer Stats
Border States % Correct
Kentucky
100%
Missouri
94%
Maryland
91%
West Virginia
82%
Delaware
79%
No matching quizzes found
Score Distribution
Percent of People with Each Score
Percentile by Number Answered
Your Score History
You have not taken this quiz